[Event "Stay Safe Play From Home 424"]
[Site "Emanuel Lasker Arena"]
[Date "2020.08.31"]
[Round "4"]
[White "Trotsky"]
[Black "Haris kollari 13"]
[Result "0-1"]
[WhiteElo "1550"]
[BlackElo "1736"]
[Annotator "NA"]
[PlyCount "48"]
[EventDate "2020.08.31"]
[EventType "swiss (blitz)"]

1. d4 {[%emt 0:00:01]} e6 {[%emt 0:00:01]} 2. e3 {[%emt 0:00:00]} d5 {[%emt 0:00:00]} 3. c4 {[%emt 0:00:01]} c6 {[%emt 0:00:01]} 4. Nc3 {[%emt 0:00:01]} f5 {[%emt 0:00:01]} 5. Nf3 {[%emt 0:00:01]} Nf6 {[%emt 0:00:01]} 6. Qc2 {[%emt 0:00:01]} Bd6 {[%emt 0:00:01]} 7. Bd2 {[%emt 0:00:00]} h6 {[%emt 0:00:01]} 8. c5 {[%emt 0:00:00]} Bc7 {[%emt 0:00:01]} 9. O-O-O {[%emt 0:00:01]} Nbd7 {[%emt 0:00:01]} 10. h4 {[%emt 0:00:01]} b6 {[%emt 0:00:01]} 11. g4 {[%emt 0:00:01]} Nxg4 {[%emt 0:00:03]} 12. Bd3 {[%emt 0:00:04]} Nxf2 {[%emt 0:00:02]} 13. e4 {[%emt 0:00:03]} dxe4 {[%emt 0:00:05]} 14. Nxe4 {[%emt 0:00:01]} fxe4 {[%emt 0:00:03]} 15. Bxe4 {[%emt 0:00:01]} Nxe4 {[%emt 0:00:03]} 16. Qxe4 {[%emt 0:00:03]} Nf6 {[%emt 0:00:01]} 17. Qg6+ {[%emt 0:00:02]} Kf8 {[%emt 0:00:02]} 18. Ne5 {[%emt 0:00:04]} Qe8 {[%emt 0:00:04]} 19. Qd3 {[%emt 0:00:09]} bxc5 {[%emt 0:00:01]} 20. Rhf1 {[%emt 0:00:03]} cxd4 {[%emt 0:00:02]} 21. Ng6+ {[%emt 0:00:02]} Kg8 {[%emt 0:00:03]} 22. Bb4 {[%emt 0:00:02]} Nd5 {[%emt 0:00:06]} 23. Bd2 {[%emt 0:00:13]} Bd7 {[%emt 0:00:02]} 24. Rf2 {[%emt 0:00:04]} Ne3 {[%emt 0:00:02] Âðåìÿ Âðåìÿ Âðåìÿ (Lag: Av=0.41s, max=0.6s) (Lag: Av=0.41s, max=0.6s) (Lag: Av=0.41s, max=0.6s)} 0-1

[Event "Stay Safe Play From Home 424"]
[Site "Emanuel Lasker Arena"]
[Date "2020.08.31"]
[Round "4"]
[White "Klasman"]
[Black "Tran Minh Thang"]
[Result "0-1"]
[WhiteElo "1256"]
[BlackElo "2489"]
[PlyCount "56"]
[EventDate "2020.08.31"]
[EventType "swiss (blitz)"]

1. f4 {[%emt 0:00:01]} b6 {[%emt 0:00:01]} 2. e4 {[%emt 0:00:01]} Bb7 {[%emt 0:00:00]} 3. Nc3 {[%emt 0:00:01]} Nf6 {[%emt 0:00:01]} 4. e5 {[%emt 0:00:02]} Nd5 {[%emt 0:00:00]} 5. d4 {[%emt 0:00:02]} Nxc3 {[%emt 0:00:01]} 6. bxc3 {[%emt 0:00:01]} g6 {[%emt 0:00:00]} 7. Nf3 {[%emt 0:00:01]} Bg7 {[%emt 0:00:00]} 8. Ba3 {[%emt 0:00:02]} d6 {[%emt 0:00:01]} 9. Bc4 {[%emt 0:00:03]} O-O {[%emt 0:00:01]} 10. O-O {[%emt 0:00:01]} Nd7 {[%emt 0:00:01]} 11. Rb1 {[%emt 0:00:08]} d5 {[%emt 0:00:05]} 12. Bd3 {[%emt 0:00:01]} c5 {[%emt 0:00:00]} 13. Ng5 {[%emt 0:00:03]} c4 {[%emt 0:00:07]} 14. Be2 {[%emt 0:00:02]} h6 {[%emt 0:00:05]} 15. Nh3 {[%emt 0:00:03]} Re8 {[%emt 0:00:02]} 16. f5 {[%emt 0:00:01]} gxf5 {[%emt 0:00:01]} 17. Rxf5 {[%emt 0:00:03]} Nf8 {[%emt 0:00:00]} 18. Bh5 {[%emt 0:00:02]} Ng6 {[%emt 0:00:00]} 19. Qg4 {[%emt 0:00:02]} e6 {[%emt 0:00:03]} 20. Rf6 {[%emt 0:00:02]} Bxf6 {[%emt 0:00:01]} 21. exf6 {[%emt 0:00:05]} Qxf6 {[%emt 0:00:00]} 22. Rf1 {[%emt 0:00:03]} Qg7 {[%emt 0:00:00]} 23. Bxg6 {[%emt 0:00:04]} Qxg6 {[%emt 0:00:01]} 24. Qf4 {[%emt 0:00:02]} Kg7 {[%emt 0:00:01]} 25. Qe5+ {[%emt 0:00:01]} f6 {[%emt 0:00:01]} 26. Qc7+ {[%emt 0:00:01]} Qf7 {[%emt 0:00:00]} 27. Qxf7+ {[%emt 0:00:01]} Kxf7 {[%emt 0:00:00]} 28. Nf4 {[%emt 0:00:01]} Rg8 {[%emt 0:00:01] Time Time Time (Lag: Av=1.11s, max=13.5s) (Lag: Av=1.11s, max=13.5s) (Lag: Av=1.11s, max=13.5s)} 0-1

[Event "Stay Safe Play From Home 424"]
[Site "Emanuel Lasker Arena"]
[Date "2020.08.31"]
[Round "5"]
[White "NTBT_DHS"]
[Black "Nguyen Hong Anh"]
[Result "1-0"]
[WhiteElo "2542"]
[BlackElo "2362"]
[PlyCount "107"]
[EventDate "2020.08.31"]
[EventType "swiss (blitz)"]

1. d4 {[%emt 0:00:01]} Nf6 {[%emt 0:00:01]} 2. c4 {[%emt 0:00:00]} g6 {[%emt 0:00:02]} 3. Nf3 {[%emt 0:00:00]} Bg7 {[%emt 0:00:01]} 4. g3 {[%emt 0:00:00]} O-O {[%emt 0:00:01]} 5. Bg2 {[%emt 0:00:00]} d5 {[%emt 0:00:00]} 6. O-O {[%emt 0:00:00]} dxc4 {[%emt 0:00:01]} 7. Na3 {[%emt 0:00:00]} Na6 {[%emt 0:00:00]} 8. Nxc4 {[%emt 0:00:01]} c5 {[%emt 0:00:00]} 9. dxc5 {[%emt 0:00:03]} Be6 {[%emt 0:00:01]} 10. Qxd8 {[%emt 0:00:02]} Rfxd8 {[%emt 0:00:02]} 11. Na5 {[%emt 0:00:00]} Nxc5 {[%emt 0:00:01]} 12. Be3 {[%emt 0:00:01]} Nfe4 {[%emt 0:00:01]} 13. Rad1 {[%emt 0:00:02]} Rac8 {[%emt 0:00:01]} 14. Nd4 {[%emt 0:00:01]} Bd5 {[%emt 0:00:01]} 15. b4 {[%emt 0:00:01]} Na4 {[%emt 0:00:01]} 16. Rd3 {[%emt 0:00:03]} Nac3 {[%emt 0:00:01]} 17. Bf3 {[%emt 0:00:03]} Nxa2 {[%emt 0:00:01]} 18. Rb1 {[%emt 0:00:05]} Nac3 {[%emt 0:00:02]} 19. Re1 {[%emt 0:00:02]} Na2 {[%emt 0:00:02]} 20. Ndb3 {[%emt 0:00:03]} Nec3 {[%emt 0:00:09]} 21. Bxd5 {[%emt 0:00:02]} Nxd5 {[%emt 0:00:01]} 22. Nxb7 {[%emt 0:00:01]} Rd7 {[%emt 0:00:02]} 23. N3c5 {[%emt 0:00:00]} Naxb4 {[%emt 0:00:03]} 24. Rb3 {[%emt 0:00:03]} Rdc7 {[%emt 0:00:01]} 25. Rd1 {[%emt 0:00:02]} Nxe3 {[%emt 0:00:01]} 26. Rxe3 {[%emt 0:00:02]} Bf6 {[%emt 0:00:02]} 27. Rb3 {[%emt 0:00:03]} a5 {[%emt 0:00:01]} 28. Nxa5 {[%emt 0:00:01]} Rxc5 {[%emt 0:00:01]} 29. Nb7 {[%emt 0:00:01]} Rb5 {[%emt 0:00:01]} 30. Nd8 {[%emt 0:00:03]} Rc3 {[%emt 0:00:02]} 31. Rbb1 {[%emt 0:00:02]} Rb8 {[%emt 0:00:01]} 32. Rd7 {[%emt 0:00:02]} Rcc8 {[%emt 0:00:02]} 33. Nb7 {[%emt 0:00:01]} Nc6 {[%emt 0:00:01]} 34. Rbd1 {[%emt 0:00:01]} Ne5 {[%emt 0:00:01]} 35. Rd8+ {[%emt 0:00:00]} Rxd8 {[%emt 0:00:01]} 36. Nxd8 {[%emt 0:00:00]} Nc4 {[%emt 0:00:01]} 37. Nc6 {[%emt 0:00:01]} Rc8 {[%emt 0:00:00]} 38. Nb4 {[%emt 0:00:01]} Nb2 {[%emt 0:00:01]} 39. Rd7 {[%emt 0:00:02]} Rb8 {[%emt 0:00:00]} 40. Nd5 {[%emt 0:00:00]} Kg7 {[%emt 0:00:01]} 41. e4 {[%emt 0:00:00]} Nd3 {[%emt 0:00:02]} 42. f4 {[%emt 0:00:00]} Nc5 {[%emt 0:00:00]} 43. Kg2 {[%emt 0:00:00]} Nxe4 {[%emt 0:00:00]} 44. Ne3 {[%emt 0:00:00]} Nc5 {[%emt 0:00:00]} 45. Rd5 {[%emt 0:00:00]} Ne6 {[%emt 0:00:01]} 46. Nc4 {[%emt 0:00:00]} Rc8 {[%emt 0:00:02]} 47. Ne3 {[%emt 0:00:01]} Rc2+ {[%emt 0:00:00]} 48. Rd2 {[%emt 0:00:00]} Rxd2+ {[%emt 0:00:01]} 49. Kf3 {[%emt 0:00:00]} Nd4+ {[%emt 0:00:00]} 50. Ke4 {[%emt 0:00:00]} Nf5 {[%emt 0:00:00]} 51. Kf3 {[%emt 0:00:00]} Rxh2 {[%emt 0:00:00]} 52. Ng4 {[%emt 0:00:00]} Rh3 {[%emt 0:00:00]} 53. Ke4 {[%emt 0:00:00]} Rxg3 {[%emt 0:00:00]} 54. Ne3 {[%emt 0:00:00] Time Time Time (Lag: Av=1.27s, max=2.2s) (Lag: Av=1.27s, max=2.2s) (Lag: Av=1.27s, max=2.2s)} 1-0

[Event "Stay Safe Play From Home 424"]
[Site "Emanuel Lasker Arena"]
[Date "2020.08.31"]
[Round "5"]
[White "Tran Minh Thang"]
[Black "Lazieri3"]
[Result "1-0"]
[WhiteElo "2489"]
[BlackElo "2050"]
[PlyCount "95"]
[EventDate "2020.08.31"]
[EventType "swiss (blitz)"]

1. Nf3 {[%emt 0:00:01]} c6 {[%emt 0:00:00]} 2. b3 {[%emt 0:00:01]} d5 {[%emt 0:00:00]} 3. Bb2 {[%emt 0:00:01]} Nf6 {[%emt 0:00:00]} 4. e3 {[%emt 0:00:00]} Bf5 {[%emt 0:00:01]} 5. c4 {[%emt 0:00:00]} e6 {[%emt 0:00:01]} 6. d4 {[%emt 0:00:00]} Bb4+ {[%emt 0:00:02]} 7. Nbd2 {[%emt 0:00:00]} Ne4 {[%emt 0:00:01]} 8. a3 {[%emt 0:00:01]} Nxd2 {[%emt 0:00:01]} 9. Nxd2 {[%emt 0:00:01]} Ba5 {[%emt 0:00:02]} 10. b4 {[%emt 0:00:01]} Bc7 {[%emt 0:00:00]} 11. Be2 {[%emt 0:00:01]} O-O {[%emt 0:00:01]} 12. O-O {[%emt 0:00:00]} Nd7 {[%emt 0:00:00]} 13. Nf3 {[%emt 0:00:01]} Nf6 {[%emt 0:00:01]} 14. Rc1 {[%emt 0:00:01]} h6 {[%emt 0:00:01]} 15. b5 {[%emt 0:00:02]} Ne4 {[%emt 0:00:01]} 16. cxd5 {[%emt 0:00:01]} exd5 {[%emt 0:00:01]} 17. bxc6 {[%emt 0:00:01]} bxc6 {[%emt 0:00:00]} 18. Rxc6 {[%emt 0:00:01]} Rc8 {[%emt 0:00:04]} 19. Rc1 {[%emt 0:00:05]} Qd6 {[%emt 0:00:02]} 20. Ne5 {[%emt 0:00:02]} f6 {[%emt 0:00:02]} 21. Nf3 {[%emt 0:00:03]} Ng5 {[%emt 0:00:01]} 22. g3 {[%emt 0:00:01]} Bh3 {[%emt 0:00:03]} 23. Re1 {[%emt 0:00:01]} h5 {[%emt 0:00:04]} 24. Nxg5 {[%emt 0:00:02]} fxg5 {[%emt 0:00:00]} 25. Bxh5 {[%emt 0:00:00]} Rxf2 {[%emt 0:00:06]} 26. Kxf2 {[%emt 0:00:01]} Rf8+ {[%emt 0:00:00]} 27. Kg1 {[%emt 0:00:02]} Qf6 {[%emt 0:00:02]} 28. Qe2 {[%emt 0:00:01]} g4 {[%emt 0:00:02]} 29. Rf1 {[%emt 0:00:04]} Bxf1 {[%emt 0:00:03]} 30. Rxf1 {[%emt 0:00:00]} Qxf1+ {[%emt 0:00:01]} 31. Qxf1 {[%emt 0:00:00]} Rxf1+ {[%emt 0:00:01]} 32. Kxf1 {[%emt 0:00:00]} g6 {[%emt 0:00:04]} 33. Bxg4 {[%emt 0:00:00]} Kf7 {[%emt 0:00:01]} 34. Ke2 {[%emt 0:00:01]} Kf6 {[%emt 0:00:00]} 35. Bf3 {[%emt 0:00:00]} Ke6 {[%emt 0:00:01]} 36. Kd3 {[%emt 0:00:00]} Bd6 {[%emt 0:00:00]} 37. e4 {[%emt 0:00:00]} dxe4+ {[%emt 0:00:00]} 38. Kxe4 {[%emt 0:00:00]} Kf7 {[%emt 0:00:01]} 39. d5 {[%emt 0:00:00]} Bxa3 {[%emt 0:00:02]} 40. Bxa3 {[%emt 0:00:01]} Kf6 {[%emt 0:00:01]} 41. d6 {[%emt 0:00:00]} g5 {[%emt 0:00:00]} 42. Kd5 {[%emt 0:00:00]} g4 {[%emt 0:00:00]} 43. Bxg4 {[%emt 0:00:00]} a5 {[%emt 0:00:00]} 44. d7 {[%emt 0:00:01]} a4 {[%emt 0:00:00]} 45. d8=Q+ {[%emt 0:00:01]} Kg6 {[%emt 0:00:00]} 46. Bf8 {[%emt 0:00:11]} Kh7 {[%emt 0:00:00]} 47. Bf5+ {[%emt 0:00:01]} Kg8 {[%emt 0:00:01]} 48. Qf6 {[%emt 0:00:01] Time Time Time (Lag: Av=0.74s, max=1.4s) (Lag: Av=0.74s, max=1.4s) (Lag: Av=0.74s, max=1.4s)} 1-0

[Event "Stay Safe Play From Home 424"]
[Site "Emanuel Lasker Arena"]
[Date "2020.08.31"]
[Round "5"]
[White "eidgenosse"]
[Black "IceQueen"]
[Result "0-1"]
[WhiteElo "2466"]
[BlackElo "2417"]
[PlyCount "126"]
[EventDate "2020.08.31"]
[EventType "swiss (blitz)"]

1. Nf3 {[%emt 0:00:01]} d6 {[%emt 0:00:00]} 2. e3 {[%emt 0:00:00]} Nf6 {[%emt 0:00:00]} 3. c4 {[%emt 0:00:00]} g6 {[%emt 0:00:00]} 4. Nc3 {[%emt 0:00:00]} Bg7 {[%emt 0:00:00]} 5. b3 {[%emt 0:00:00]} O-O {[%emt 0:00:00]} 6. Bb2 {[%emt 0:00:00]} c6 {[%emt 0:00:00]} 7. d3 {[%emt 0:00:00]} d5 {[%emt 0:00:00]} 8. Be2 {[%emt 0:00:01]} Na6 {[%emt 0:00:01]} 9. O-O {[%emt 0:00:01]} Nc7 {[%emt 0:00:00]} 10. a3 {[%emt 0:00:00]} Bf5 {[%emt 0:00:02]} 11. Rc1 {[%emt 0:00:01]} Re8 {[%emt 0:00:00]} 12. Na4 {[%emt 0:00:01]} Rc8 {[%emt 0:00:02]} 13. Nd4 {[%emt 0:00:01]} Bd7 {[%emt 0:00:01]} 14. Nc5 {[%emt 0:00:01]} Rb8 {[%emt 0:00:01]} 15. cxd5 {[%emt 0:00:02]} Nfxd5 {[%emt 0:00:01]} 16. Nxd7 {[%emt 0:00:03]} Qxd7 {[%emt 0:00:00]} 17. b4 {[%emt 0:00:01]} e5 {[%emt 0:00:01]} 18. Nb3 {[%emt 0:00:01]} Rbd8 {[%emt 0:00:01]} 19. Nc5 {[%emt 0:00:01]} Qc8 {[%emt 0:00:00]} 20. Bf3 {[%emt 0:00:01]} Ne6 {[%emt 0:00:01]} 21. Nxe6 {[%emt 0:00:01]} Qxe6 {[%emt 0:00:00]} 22. Qc2 {[%emt 0:00:01]} g5 {[%emt 0:00:02]} 23. g3 {[%emt 0:00:01]} g4 {[%emt 0:00:01]} 24. Bg2 {[%emt 0:00:01]} h5 {[%emt 0:00:00]} 25. Qc5 {[%emt 0:00:02]} a6 {[%emt 0:00:02]} 26. Rfd1 {[%emt 0:00:01]} Ne7 {[%emt 0:00:01]} 27. a4 {[%emt 0:00:04]} h4 {[%emt 0:00:01]} 28. b5 {[%emt 0:00:01]} axb5 {[%emt 0:00:00]} 29. axb5 {[%emt 0:00:00]} h3 {[%emt 0:00:01]} 30. Be4 {[%emt 0:00:02]} f5 {[%emt 0:00:01]} 31. Bh1 {[%emt 0:00:01]} Rc8 {[%emt 0:00:02]} 32. d4 {[%emt 0:00:04]} e4 {[%emt 0:00:01]} 33. b6 {[%emt 0:00:03]} Nd5 {[%emt 0:00:01]} 34. Ra1 {[%emt 0:00:01]} Bf8 {[%emt 0:00:00]} 35. Qc4 {[%emt 0:00:01]} Ra8 {[%emt 0:00:01]} 36. Bc3 {[%emt 0:00:02]} Kf7 {[%emt 0:00:02]} 37. Rdb1 {[%emt 0:00:02]} Rxa1 {[%emt 0:00:02]} 38. Rxa1 {[%emt 0:00:01]} Nxb6 {[%emt 0:00:01]} 39. Qe2 {[%emt 0:00:04]} Nd5 {[%emt 0:00:01]} 40. Be1 {[%emt 0:00:02]} Bd6 {[%emt 0:00:01]} 41. Rb1 {[%emt 0:00:00]} Qd7 {[%emt 0:00:00]} 42. Qc4 {[%emt 0:00:02]} b5 {[%emt 0:00:01]} 43. Qe2 {[%emt 0:00:01]} Rb8 {[%emt 0:00:01]} 44. Qc2 {[%emt 0:00:01]} b4 {[%emt 0:00:01]} 45. Qb3 {[%emt 0:00:00]} Ke7 {[%emt 0:00:01]} 46. Rc1 {[%emt 0:00:00]} Qb7 {[%emt 0:00:01]} 47. Qd1 {[%emt 0:00:02]} Kd7 {[%emt 0:00:00]} 48. Bxe4 {[%emt 0:00:00]} fxe4 {[%emt 0:00:01]} 49. Qxg4+ {[%emt 0:00:00]} Kc7 {[%emt 0:00:00]} 50. Qxe4 {[%emt 0:00:00]} Qb5 {[%emt 0:00:01]} 51. Qe6 {[%emt 0:00:01]} Ne7 {[%emt 0:00:00]} 52. e4 {[%emt 0:00:01]} b3 {[%emt 0:00:00]} 53. e5 {[%emt 0:00:00]} Bxe5 {[%emt 0:00:03]} 54. Qxe5+ {[%emt 0:00:00]} Qxe5 {[%emt 0:00:01]} 55. dxe5 {[%emt 0:00:00]} b2 {[%emt 0:00:00]} 56. Rb1 {[%emt 0:00:00]} Nd5 {[%emt 0:00:00]} 57. Bc3 {[%emt 0:00:00]} Nxc3 {[%emt 0:00:01]} 58. f4 {[%emt 0:00:00]} Nxb1 {[%emt 0:00:01]} 59. Kf2 {[%emt 0:00:00]} Nc3 {[%emt 0:00:00]} 60. Kf3 {[%emt 0:00:00]} b1=Q {[%emt 0:00:00]} 61. Kg4 {[%emt 0:00:00]} Qe4 {[%emt 0:00:00]} 62. Kxh3 {[%emt 0:00:00]} Qf5+ {[%emt 0:00:01]} 63. Kh4 {[%emt 0:00:00]} Rh8# {[%emt 0:00:01] (Lag: Av=0.36s, max=0.9s) (Lag: Av=0.36s, max=0.9s) (Lag: Av=0.36s, max=0.9s)} 0-1

[Event "Stay Safe Play From Home 424"]
[Site "Emanuel Lasker Arena"]
[Date "2020.08.31"]
[Round "5"]
[White "Mr bh6"]
[Black "Stefanone"]
[Result "1-0"]
[WhiteElo "2385"]
[BlackElo "1983"]
[PlyCount "121"]
[EventDate "2020.08.31"]
[EventType "swiss (blitz)"]

1. d4 {[%emt 0:00:03]} d6 {[%emt 0:00:00]} 2. Nf3 {[%emt 0:00:00]} Nd7 {[%emt 0:00:00]} 3. g3 {[%emt 0:00:00]} Ngf6 {[%emt 0:00:00]} 4. Bg2 {[%emt 0:00:00]} e5 {[%emt 0:00:00]} 5. O-O {[%emt 0:00:00]} Be7 {[%emt 0:00:00]} 6. dxe5 {[%emt 0:00:08]} dxe5 {[%emt 0:00:00]} 7. Nc3 {[%emt 0:00:00]} c6 {[%emt 0:00:00]} 8. Bg5 {[%emt 0:00:01]} Qc7 {[%emt 0:00:00]} 9. Nd2 {[%emt 0:00:02]} h6 {[%emt 0:00:00]} 10. Bxf6 {[%emt 0:00:01]} Bxf6 {[%emt 0:00:00]} 11. Nde4 {[%emt 0:00:00]} O-O {[%emt 0:00:01]} 12. Nxf6+ {[%emt 0:00:01]} Nxf6 {[%emt 0:00:01]} 13. Qd2 {[%emt 0:00:00]} Bf5 {[%emt 0:00:02]} 14. Rad1 {[%emt 0:00:01]} Rad8 {[%emt 0:00:00]} 15. Qc1 {[%emt 0:00:00]} e4 {[%emt 0:00:01]} 16. Qe3 {[%emt 0:00:01]} Bh7 {[%emt 0:00:03]} 17. Qxa7 {[%emt 0:00:01]} Rxd1 {[%emt 0:00:03]} 18. Rxd1 {[%emt 0:00:01]} e3 {[%emt 0:00:00]} 19. Qxe3 {[%emt 0:00:01]} Bxc2 {[%emt 0:00:01]} 20. Rd2 {[%emt 0:00:00]} Bg6 {[%emt 0:00:01]} 21. Bf3 {[%emt 0:00:00]} Re8 {[%emt 0:00:01]} 22. Qf4 {[%emt 0:00:02]} Qxf4 {[%emt 0:00:01]} 23. gxf4 {[%emt 0:00:00]} Ra8 {[%emt 0:00:02]} 24. a3 {[%emt 0:00:01]} Re8 {[%emt 0:00:02]} 25. e3 {[%emt 0:00:01]} Be4 {[%emt 0:00:01]} 26. Bxe4 {[%emt 0:00:01]} Nxe4 {[%emt 0:00:00]} 27. Nxe4 {[%emt 0:00:00]} Rxe4 {[%emt 0:00:00]} 28. Rd7 {[%emt 0:00:00]} b5 {[%emt 0:00:02]} 29. Rc7 {[%emt 0:00:01]} Rc4 {[%emt 0:00:00]} 30. Kg2 {[%emt 0:00:00]} Kf8 {[%emt 0:00:01]} 31. h4 {[%emt 0:00:01]} f6 {[%emt 0:00:00]} 32. h5 {[%emt 0:00:01]} Rc5 {[%emt 0:00:02]} 33. Kf3 {[%emt 0:00:00]} Rc2 {[%emt 0:00:01]} 34. b4 {[%emt 0:00:02]} Kg8 {[%emt 0:00:02]} 35. Kg4 {[%emt 0:00:01]} Kh7 {[%emt 0:00:01]} 36. f3 {[%emt 0:00:02]} Rc3 {[%emt 0:00:01]} 37. e4 {[%emt 0:00:00]} Rc4 {[%emt 0:00:01]} 38. Kf5 {[%emt 0:00:05]} Rc3 {[%emt 0:00:01]} 39. Kg4 {[%emt 0:00:03]} Rc4 {[%emt 0:00:01]} 40. Ra7 {[%emt 0:00:01]} Rc3 {[%emt 0:00:01]} 41. Ra6 {[%emt 0:00:00]} Rc4 {[%emt 0:00:01]} 42. Ra8 {[%emt 0:00:02]} Rc3 {[%emt 0:00:02]} 43. e5 {[%emt 0:00:00]} fxe5 {[%emt 0:00:03]} 44. fxe5 {[%emt 0:00:00]} Re3 {[%emt 0:00:00]} 45. f4 {[%emt 0:00:01]} Re1 {[%emt 0:00:01]} 46. Kf5 {[%emt 0:00:00]} Rh1 {[%emt 0:00:02]} 47. e6 {[%emt 0:00:01]} Rxh5+ {[%emt 0:00:01]} 48. Kg4 {[%emt 0:00:01]} Rh1 {[%emt 0:00:00]} 49. e7 {[%emt 0:00:00]} Rg1+ {[%emt 0:00:00]} 50. Kf5 {[%emt 0:00:01]} Re1 {[%emt 0:00:01]} 51. e8=Q {[%emt 0:00:00]} Rxe8 {[%emt 0:00:01]} 52. Rxe8 {[%emt 0:00:00]} h5 {[%emt 0:00:00]} 53. Kg5 {[%emt 0:00:00]} g6 {[%emt 0:00:01]} 54. Re7+ {[%emt 0:00:01]} Kg8 {[%emt 0:00:00]} 55. Kxg6 {[%emt 0:00:00]} Kf8 {[%emt 0:00:00]} 56. Rf7+ {[%emt 0:00:01]} Ke8 {[%emt 0:00:01]} 57. f5 {[%emt 0:00:00]} c5 {[%emt 0:00:00]} 58. bxc5 {[%emt 0:00:01]} b4 {[%emt 0:00:01]} 59. c6 {[%emt 0:00:00]} bxa3 {[%emt 0:00:00]} 60. c7 {[%emt 0:00:00]} h4 {[%emt 0:00:00]} 61. c8=Q# {[%emt 0:00:00] (Lag: Av=0.88s, max=6.3s) (Lag: Av=0.88s, max=6.3s) (Lag: Av=0.88s, max=6.3s)} 1-0

[Event "Stay Safe Play From Home 424"]
[Site "Emanuel Lasker Arena"]
[Date "2020.08.31"]
[Round "5"]
[White "Hickey"]
[Black "Gokerkan"]
[Result "0-1"]
[WhiteElo "2317"]
[BlackElo "2623"]
[PlyCount "198"]
[EventDate "2020.08.31"]
[EventType "swiss (blitz)"]

1. g3 {[%emt 0:00:01]} c5 {[%emt 0:00:00]} 2. Bg2 {[%emt 0:00:00]} Nc6 {[%emt 0:00:01]} 3. Nf3 {[%emt 0:00:00]} Nf6 {[%emt 0:00:00]} 4. O-O {[%emt 0:00:00]} e5 {[%emt 0:00:00]} 5. d3 {[%emt 0:00:01]} d5 {[%emt 0:00:01]} 6. c4 {[%emt 0:00:01]} dxc4 {[%emt 0:00:01]} 7. dxc4 {[%emt 0:00:00]} Be6 {[%emt 0:00:00]} 8. b3 {[%emt 0:00:01]} Qxd1 {[%emt 0:00:02]} 9. Rxd1 {[%emt 0:00:00]} h6 {[%emt 0:00:00]} 10. Bb2 {[%emt 0:00:01]} e4 {[%emt 0:00:01]} 11. Ne5 {[%emt 0:00:01]} Nxe5 {[%emt 0:00:03]} 12. Bxe5 {[%emt 0:00:00]} Be7 {[%emt 0:00:00]} 13. Nc3 {[%emt 0:00:02]} O-O {[%emt 0:00:00]} 14. Rac1 {[%emt 0:00:01]} e3 {[%emt 0:00:00]} 15. f4 {[%emt 0:00:01]} Ng4 {[%emt 0:00:05]} 16. Bd6 {[%emt 0:00:02]} Rfe8 {[%emt 0:00:08]} 17. Bxe7 {[%emt 0:00:02]} Rxe7 {[%emt 0:00:01]} 18. Ne4 {[%emt 0:00:00]} Rc8 {[%emt 0:00:02]} 19. Nd6 {[%emt 0:00:01]} Rb8 {[%emt 0:00:01]} 20. Rd3 {[%emt 0:00:04]} b6 {[%emt 0:00:03]} 21. h3 {[%emt 0:00:01]} Nf6 {[%emt 0:00:02]} 22. Rxe3 {[%emt 0:00:01]} Rd7 {[%emt 0:00:00]} 23. Ne4 {[%emt 0:00:02]} Nxe4 {[%emt 0:00:01]} 24. Bxe4 {[%emt 0:00:00]} Bxh3 {[%emt 0:00:01]} 25. Bd3 {[%emt 0:00:01]} Bg4 {[%emt 0:00:02]} 26. Re5 {[%emt 0:00:01]} Rbd8 {[%emt 0:00:01]} 27. Kf2 {[%emt 0:00:01]} g6 {[%emt 0:00:02]} 28. f5 {[%emt 0:00:02]} Kg7 {[%emt 0:00:04]} 29. fxg6 {[%emt 0:00:02]} fxg6 {[%emt 0:00:00]} 30. Ke3 {[%emt 0:00:01]} Kf6 {[%emt 0:00:01]} 31. Re4 {[%emt 0:00:01]} Bf5 {[%emt 0:00:02]} 32. Rf1 {[%emt 0:00:00]} Kg5 {[%emt 0:00:02]} 33. Re5 {[%emt 0:00:01]} Rxd3+ {[%emt 0:00:01]} 34. exd3 {[%emt 0:00:01]} Rxd3+ {[%emt 0:00:00]} 35. Ke2 {[%emt 0:00:00]} Rxg3 {[%emt 0:00:01]} 36. Re7 {[%emt 0:00:01]} Bd3+ {[%emt 0:00:01]} 37. Kf2 {[%emt 0:00:01]} Rg4 {[%emt 0:00:01]} 38. Rg1 {[%emt 0:00:01]} Rxg1 {[%emt 0:00:01]} 39. Kxg1 {[%emt 0:00:00]} Bb1 {[%emt 0:00:00]} 40. Rxa7 {[%emt 0:00:01]} h5 {[%emt 0:00:00]} 41. Ra6 {[%emt 0:00:01]} h4 {[%emt 0:00:00]} 42. Rxb6 {[%emt 0:00:00]} Bxa2 {[%emt 0:00:00]} 43. Rb5 {[%emt 0:00:01]} Kg4 {[%emt 0:00:00]} 44. Rxc5 {[%emt 0:00:02]} Bxb3 {[%emt 0:00:00]} 45. Kh2 {[%emt 0:00:01]} g5 {[%emt 0:00:01]} 46. Re5 {[%emt 0:00:01]} Kf4 {[%emt 0:00:00]} 47. Rc5 {[%emt 0:00:01]} g4 {[%emt 0:00:00]} 48. Rc8 {[%emt 0:00:01]} Bc2 {[%emt 0:00:02]} 49. Rf8+ {[%emt 0:00:01]} Bf5 {[%emt 0:00:00]} 50. c5 {[%emt 0:00:02]} g3+ {[%emt 0:00:00]} 51. Kg1 {[%emt 0:00:00]} h3 {[%emt 0:00:00]} 52. Rh8 {[%emt 0:00:01]} h2+ {[%emt 0:00:01]} 53. Rxh2 {[%emt 0:00:02]} gxh2+ {[%emt 0:00:00]} 54. Kxh2 {[%emt 0:00:00]} Bc8 {[%emt 0:00:00]} 55. Kg2 {[%emt 0:00:00]} Ke5 {[%emt 0:00:00]} 56. Kf2 {[%emt 0:00:00]} Kd5 {[%emt 0:00:00]} 57. Ke3 {[%emt 0:00:00]} Kc6 {[%emt 0:00:00]} 58. Kd2 {[%emt 0:00:01]} Bd7 {[%emt 0:00:00]} 59. Kc3 {[%emt 0:00:00]} Bc8 {[%emt 0:00:00]} 60. Kb4 {[%emt 0:00:00]} Bb7 {[%emt 0:00:00]} 61. Ka5 {[%emt 0:00:00]} Bc8 {[%emt 0:00:00]} 62. Kb4 {[%emt 0:00:00]} Bd7 {[%emt 0:00:00]} 63. Ka5 {[%emt 0:00:00]} Be6 {[%emt 0:00:00]} 64. Kb4 {[%emt 0:00:00]} Bf5 {[%emt 0:00:00]} 65. Ka5 {[%emt 0:00:00]} Bg4 {[%emt 0:00:00]} 66. Kb4 {[%emt 0:00:00]} Bh3 {[%emt 0:00:00]} 67. Ka5 {[%emt 0:00:00]} Bg2 {[%emt 0:00:00]} 68. Kb4 {[%emt 0:00:00]} Bf3 {[%emt 0:00:00]} 69. Ka5 {[%emt 0:00:00]} Bg2 {[%emt 0:00:00]} 70. Kb4 {[%emt 0:00:00]} Bf1 {[%emt 0:00:00]} 71. Ka5 {[%emt 0:00:00]} Be2 {[%emt 0:00:00]} 72. Kb4 {[%emt 0:00:00]} Bg4 {[%emt 0:00:00]} 73. Ka5 {[%emt 0:00:00]} Bf5 {[%emt 0:00:00]} 74. Kb4 {[%emt 0:00:00]} Be4 {[%emt 0:00:00]} 75. Kc4 {[%emt 0:00:00]} Bd5+ {[%emt 0:00:00]} 76. Kd4 {[%emt 0:00:00]} Be6 {[%emt 0:00:00]} 77. Kc3 {[%emt 0:00:01]} Bd7 {[%emt 0:00:00]} 78. Kb4 {[%emt 0:00:00]} Bc8 {[%emt 0:00:00]} 79. Ka5 {[%emt 0:00:00]} Kc7 {[%emt 0:00:00]} 80. Kb4 {[%emt 0:00:00]} Bd7 {[%emt 0:00:00]} 81. Ka5 {[%emt 0:00:00]} Bc6 {[%emt 0:00:00]} 82. Kb4 {[%emt 0:00:00]} Kb7 {[%emt 0:00:00]} 83. Ka5 {[%emt 0:00:00]} Ka7 {[%emt 0:00:00]} 84. Kb4 {[%emt 0:00:00]} Ka6 {[%emt 0:00:00]} 85. Kc4 {[%emt 0:00:01]} Kb7 {[%emt 0:00:00]} 86. Kd4 {[%emt 0:00:00]} Kc7 {[%emt 0:00:00]} 87. Ke5 {[%emt 0:00:00]} Bb7 {[%emt 0:00:00]} 88. Kd4 {[%emt 0:00:00]} Bc8 {[%emt 0:00:00]} 89. Ke5 {[%emt 0:00:00]} Bd7 {[%emt 0:00:00]} 90. Kd4 {[%emt 0:00:00]} Bc6 {[%emt 0:00:00]} 91. Ke5 {[%emt 0:00:00]} Kd8 {[%emt 0:00:00]} 92. Kd4 {[%emt 0:00:00]} Bd7 {[%emt 0:00:00]} 93. Ke5 {[%emt 0:00:00]} Bc8 {[%emt 0:00:00]} 94. Kd4 {[%emt 0:00:01]} Kc7 {[%emt 0:00:00]} 95. Kc3 {[%emt 0:00:00]} Bd7 {[%emt 0:00:00]} 96. Kb2 {[%emt 0:00:00]} Kc6 {[%emt 0:00:00]} 97. Kc3 {[%emt 0:00:01]} Kb5 {[%emt 0:00:00]} 98. Kd4 {[%emt 0:00:00]} Bc6 {[%emt 0:00:00]} 99. Ke5 {[%emt 0:00:00]} Kb4 {[%emt 0:00:00]} 0-1